000 00665nam a22002417a 4500
001 BR8902895
003 BR-BrBNA
005 20230928093232.0
007 ta
008 230509b bl.||||| |||| 00| 0 por d
040 _aBR-BrBNA
_bpor
_cBiblioteca Nacional de Agricultura
041 _a(Por)
072 _aM12; C10
_b8520
090 _ 8520 BR8902895
110 1 _aSuperintendencia do Desenvolvimento da Pesca, Florianopolis, SC (Brasil)
_910074
245 1 _aCurso basico de ranicultura
260 3 _aBlumenau, SC (Brasil):
_c1985.
300 _a62 p.
650 _aRANICULTURA
650 _aCURSO
909 _a202309
_bLucia
_c55
_dLucia Elande
942 _cBK
999 _c43785
_d43785